| 000 | 00446nam a2200205Ia 4500 | ||
|---|---|---|---|
| 008 | 210210b1944 xxu||||| |||| 00| 0 eng d | ||
| 041 | _aeng | ||
| 082 | _a381/5 | ||
| 100 | _aBATLIBOI (Jamshed R) | ||
| 245 | _aAdvanced accounting Ed 10 | ||
| 250 | _a | ||
| 260 |
_aBombay _b- _c1944 |
||
| 300 | _axiii,1067 | ||
| 650 | _aEd | ||
| 650 | _aAdvanced | ||
| 650 | _aaccounting | ||
| 650 | _a10 | ||
| 690 | _aAccountancy | ||
| 906 | _a005050 | ||
| 999 |
_c124866 _d124866 |
||